| 000 -LEADER |
| fixed length control field |
00543nam a22001817a 4500 |
| 008 - FIXED-LENGTH DATA ELEMENTS--GENERAL INFORMATION |
| fixed length control field |
150520b xxu||||| |||| 00| 0 eng d |
| 020 ## - INTERNATIONAL STANDARD BOOK NUMBER |
| International Standard Book Number |
0385485573 |
| 041 0# - LANGUAGE CODE |
| Language code of text/sound track or separate title |
eng |
| 080 ## - UNIVERSAL DECIMAL CLASSIFICATION NUMBER |
| Universal Decimal Classification number |
616-036.22 |
| 100 1# - Rafti |
| Rafti |
Peters, C. J. |
| 245 10 - TITLE STATEMENT |
| Title |
Virus hunter : |
| Statement of responsibility, etc |
C.J. Peters and Mark Olshaker. |
| 250 ## - |
| -- |
1st Anchor Books ed. |
| 260 ## - |
| -- |
New York : |
| -- |
Anchor Books, |
| -- |
1997. |
| 300 ## - |
| -- |
323 f. : |
| -- |
me il.; |
| -- |
25 cm. |
| 650 #0 - |
| -- |
Epidemiologjia |
| 700 1# - |
| -- |
Olshaker, Mark, |
| 942 ## - ADDED ENTRY ELEMENTS (KOHA) |
| Source of classification or shelving scheme |
|
| Item type |
Books |